Znižovanie napätia zvarových spojov konštrukcií

Salvato in:
Dettagli Bibliografici
Autore principale: Hovančák, Dušan, 1973- (Autore)
Altri autori: Malina, Peter, 1960- (Relatore della tesi)
Natura: Manoscritto Libro
Lingua:slovacco
Pubblicazione: Trnava : STU v Bratislave MTF UVTE KZv, 2010
Soggetti:
Accesso online:VAIS
Tags: Aggiungi Tag
Nessun Tag, puoi essere il primo ad aggiungerne!!

MARC

LEADER 00000ntm a22000003a 4500
001 stu217907
005 20160719160358.1
008 101130s2010----xo------------------slo-d
040 |a STU  |b slo 
041 0 |a slo 
044 |a xo 
100 1 |a Hovančák, Dušan,  |d 1973-  |4 aut  |X 51988  |7 A000051988 
242 0 0 |a Tension reducing in welded joints of constructions  |y eng 
245 1 |a Znižovanie napätia zvarových spojov konštrukcií 
260 |a Trnava :  |b STU v Bratislave MTF UVTE KZv,  |c 2010 
650 7 |a výrobné technológie  |2 stusub 
650 7 |a Manufacturing Technologies  |2 estusub 
650 7 |a zvyškové napätia  |2 stusub 
700 1 |a Malina, Peter,  |d 1960-  |4 ths  |X 71874  |7 A000071874 
856 4 |a info a plný text  |u http://is.stuba.sk/zp/portal_zp.pl?podrobnosti=52567  |3 VAIS 
996 |c M*BP-5105  |l MMSKP  |s P  |a 0  |w stu217907_0001